000 00542nam a2200181Ia 4500
008 140925s9999 xx 000 0 und d
020 _a1467-8527
245 _aBritish journal of educational studies /
_h[electronic resource]
260 _bJohn Wiley & Sons, Inc.,
_cc2014.
516 _aElectronic text
650 _aEducation.
650 _aJournal.
650 _aStudies.
830 _aJohn Wiley & Sons, Inc.
856 _uhttp://onlinelibrary.wiley.com/journal/10.1111/%28ISSN%291467-8527
942 _cEJ
999 _c275819
_d275819